| Tag |
First Indicator |
Second Indicator |
Subfields |
| LEADER |
00000cam a2200000Ii 4500 |
| 001 |
in00004071621 |
| 005 |
20191021075820.0 |
| 008 |
180406t20192019dcuab b 001 0 eng d |
| 010 |
|
|
|a 2018966625
|
| 020 |
|
|
|a 9781610919005
|q (paperback)
|
| 020 |
|
|
|a 1610919009
|q (paperback)
|
| 035 |
|
|
|a (OCoLC)on1030384257
|
| 040 |
|
|
|a YDX
|e rda
|c YDX
|d BDX
|d TOH
|d UAP
|d UtOrBLW
|
| 043 |
|
|
|a n-us---
|
| 049 |
|
|
|a TXAM
|
| 050 |
|
4 |
|a TD657
|b .A43 2019
|
| 082 |
0 |
|
|a 628.210973
|2 23
|
| 100 |
1 |
|
|a Albro, Sandra L.,
|e author.
|
| 245 |
1 |
0 |
|a Vacant to vibrant :
|b creating successful green infrastructure networks /
|c Sandra L. Albro.
|
| 264 |
|
1 |
|a Washington, D.C. :
|b Island Press,
|c [2019]
|
| 264 |
|
4 |
|c ©2019
|
| 300 |
|
|
|a 190 pages :
|b illustrations, maps ;
|c 26 cm.
|
| 336 |
|
|
|a text
|b txt
|2 rdacontent
|
| 337 |
|
|
|a unmediated
|b n
|2 rdamedia
|
| 338 |
|
|
|a volume
|b nc
|2 rdacarrier
|
| 504 |
|
|
|a Includes bibliographical references and index.
|
| 520 |
|
|
|a Vacant lots, so often seen as neighborhood blight, have the potential to be a key element of community revitalization. As manufacturing cities reinvent themselves after decades of lost jobs and population, abundant vacant land resources and interest in green infrastructure are expanding opportunities for community and environmental resilience. Vacant to Vibrant explains how inexpensive green infrastructure projects can reduce stormwater runoff and pollution, and provide neighborhood amenities, especially in areas with little or no access to existing green space. Sandra Albro offers practical insights through her experience leading the five-year Vacant to Vibrant project, which piloted the creation of green infrastructure networks in Gary, Indiana, Cleveland, Ohio and Buffalo, New York. Vacant to Vibrant provides a point of comparison among the three cities as they adapt old systems to new, green technology. An overview of the larger economic and social dynamics in play throughout the Rust Belt region establishes context for the promise of green infrastructure. Albro then offers lessons learned from the Vacant to Vibrant project, including planning, design, community engagement, implementation and maintenance successes and challenges. An appendix shows designs and plans that can be adapted to small vacant lots.
|
| 650 |
|
0 |
|a Urban runoff
|z United States
|x Management.
|
| 650 |
|
0 |
|a Vacant lands
|z United States.
|
| 650 |
|
0 |
|a Vacant lot ecology
|z United States.
|
| 650 |
|
0 |
|a Land use, Urban
|z United States.
|0 http://id.loc.gov/authorities/subjects/sh2008106606
|
| 650 |
|
0 |
|a City planning
|x Environmental aspects.
|0 http://id.loc.gov/authorities/subjects/sh2008117683
|
| 945 |
|
|
|b 101929
|
| 947 |
|
|
|a A14850821738
|
| 948 |
|
|
|a cataloged
|b h
|c 2019/7/30
|d c
|e dmitchel
|f 10:20:30 am
|
| 994 |
|
|
|a 92
|b TXA
|
| 999 |
f |
f |
|s 17903a99-84a8-3b5c-b53c-6b1316e46ba0
|i 12d85ea1-e1c4-379e-9db5-3ad6c4955b3f
|t 0
|
| 952 |
f |
f |
|p normal
|a Texas A&M University
|b College Station
|c Sterling C. Evans Library
|d Evans: Library Stacks
|t 0
|e TD657 .A43 2019
|h Library of Congress classification
|i unmediated -- volume
|m A14850821738
|
| 998 |
f |
f |
|a TD657 .A43 2019
|t 0
|l Evans: Library Stacks
|